Štúdium modelových systémov starnutia historických dokumentov

Guardado en:
Detalles Bibliográficos
Autor principal: Candráková, Silvia
Formato: Libro
Lenguaje:eslovaco
Publicado: Bratislava STU FCHPT 2010
Acceso en línea:Ver en el OPAC
Etiquetas: Agregar Etiqueta
Sin Etiquetas, Sea el primero en etiquetar este registro!

MARC

LEADER 00000nam a2200000 a 4500
005 20260127134007.0
008 100625 2010 xo 000 0 slo d
035 |a vtls010109254 
039 9 |a 201006251022  |b mschk03  |y 201006250933  |z mschk03 
040 |a STUSCHK1  |b slo  |c STUSCHK1  |e AACR2 
100 1 |a Candráková, Silvia 
245 1 |a Štúdium modelových systémov starnutia historických dokumentov  |c Silvia Candráková 
260 |a Bratislava  |b STU FCHPT  |c 2010 
300 |a 60 s.  |b il.  |c 30cm 
500 |a Obháj.: 7.6. 2010 
500 |a Študijný program: prírodné a syntetické polyméry 
500 |a Študijný odbor: 5.2.18 chemické technológie 
500 |a Miesto vypracovania: Oddelenie polygrafie a aplikovanej fotochémie, FCHPT STU 
500 |a Evidenčné číslo: FCHPT-13576-25149 
910 |a SCHK95 
999 |c 1676  |d 1676